000 01665nam0a2200325 4500
001 RU\NLR\bibl\1166400
005 20250630112859.0
010 _a978-5-02-035367-1
_9800
021 _aRU
_b2007-75171
_94044
035 _a(NLR Aleph) 001153112
090 _a1490232
_c1490232
100 _a20071211d2007 |||y0rusy50 ca
101 1 _arus
_cger
102 _aRU
105 _aa |||||||||
200 1 _aПространственная организация хозяйства
_fАвгуст Леш
_gпод ред. акад. А.Г. Гранберга
_g[пер. с нем. В.Н. Стрелецкого
_gРос. акад. наук, Гос. науч.-исслед. учреждение "Совет по изучению производит. сил"]
210 _aМосква
_cНаука
_d2007
215 _a662, [1] с., [1] л. портр.
_cил., карт.
_d22
300 _aПер. изд.: Die räumliche ordnung der wirtschaft / dr. habil. August Lösch. - Jena, 1944
320 _aБиблиогр. в тексте и в подстроч. прим.
453 0 _12001#$aDie räumliche ordnung der wirtschaft$fdr. habil. August Lösch
_1700#1$aLösch$bA.$gAugust$4070
_1210##$aJena$d1944
_tDie räumliche ordnung der wirtschaft
_aLösch, August
606 1 _aПроизводительные силы
_xРазмещение
_91372968
_3RU\NLR\auth\66261648
606 1 _aЭкономическая география
_9944451
_3RU\NLR\auth\6631366
686 _aУ04(0)
700 1 _aЛеш
_bА.
_f1906-1945
_gАвгуст
_4070
801 0 _aRU
_bNLR
_c20071211
_gRCR
801 1 _aRU
_bNLR
_c20071211
942 _cBOOK
980 _aNB